Mount Rushmore for all MLB teams - Statistics

General Stats
  • This quiz has been taken 33 times
  • The average score is 81 of 120
Answer Stats
Team Position Name % Correct
Yankees LF Babe Ruth
100%
Diamondbacks | Mariners SP Randy Johnson
100%
Twins/Senators SP Walter Johnson
100%
Giants LF Barry Bonds
96%
Red Sox DH David Ortiz
96%
Orioles 3B Brooks Robinson
92%
Orioles SS Cal Ripken Jr.
92%
Orioles RF Frank Robinson
92%
Dodgers 2B Jackie Robinson
92%
Athletics LF Rickey Henderson
92%
Mariners DH Edgar Martinez
88%
White Sox 1B/DH Frank Thomas
88%
Rangers C Ivan Rodriguez
88%
Mariners CF Ken Griffey Jr.
88%
Yankees CF Mickey Mantle
88%
Angels CF Mike Trout
88%
Angels | Astros | Rangers SP Nolan Ryan
88%
Red Sox SP Pedro Martinez
88%
Red Sox LF Ted Williams
88%
Giants CF Willie Mays
88%
Reds C Johnny Bench
85%
Twins/Senators CF Kirby Puckett
85%
Yankees 1B Lou Gehrig
85%
Tigers IF/DH Miguel Cabrera
85%
Mets C Mike Piazza
85%
Phillies 3B Mike Schmidt
85%
Athletics RF Reggie Jackson
85%
Pirates RF Roberto Clemente
85%
White Sox LF Shoeless Joe Jackson
85%
Braves 3B Chipper Jones
81%
Royals 3B George Brett
81%
Braves SP Greg Maddux
81%
Braves RF Hank Aaron
81%
Blue Jays LF Joe Carter
81%
Reds IF/OF Pete Rose
81%
Dodgers SP Sandy Koufax
81%
Padres RF Tony Gwynn
81%
Cardinals 1B Albert Pujols
77%
Astros 2B Craig Biggio
77%
Diamondbacks SP Curt Schilling
77%
Nationals/Expos C Gary Carter
77%
Guardians/Indians IF/DH Jim Thome
77%
Yankees CF Joe DiMaggio
77%
Brewers SS/CF Robin Yount
77%
Rockies 1B Todd Helton
77%
Tigers CF Ty Cobb
77%
Rays 3B Evan Longoria
73%
Mariners RF Ichiro Suzuki
73%
Astros 1B Jeff Bagwell
73%
Astros 2B Jose Altuve
73%
Diamondbacks 1B Paul Goldschmidt
73%
Cardinals OF Stan Musial
73%
Braves SP Tom Glavine
73%
Mets SP Tom Seaver
73%
Cardinals SP Bob Gibson
69%
Brewers Announcer Bob Uecker
69%
Dodgers SP Clayton Kershaw
69%
Mets RF Darryl Strawberry
69%
Athletics RP Dennis Eckersley
69%
Rangers RF Juan Gonzalez
69%
Rockies RF Larry Walker
69%
Diamondbacks LF Luis Gonzalez
69%
Nationals/Expos SP Max Scherzer
69%
Blue Jays SP Roy Halladay
69%
Phillies SP Steve Carlton
69%
Pirates LF/1B Willie Stargell
69%
Red Sox LF Carl Yastrzemski
65%
Orioles SP Jim Palmer
65%
Mets 1B Keith Hernandez
65%
Cubs 2B Ryne Sandberg
65%
Royals C Salvador Perez
65%
Angels | Nationals/Expos RF Vladimir Guerrero
65%
Tigers RF Al Kaline
62%
Reds SS Barry Larkin
62%
Cubs SS Ernie Banks
62%
Twins/Senators IF/LF Harmon Killebrew
62%
Pirates SS Honus Wagner
62%
Reds 2B Joe Morgan
62%
Dodgers Announcer Vin Scully
62%
Rangers 3B Adrian Beltre
58%
Royals SP Bret Saberhagen
58%
Rockies 3B Nolan Arenado
58%
Brewers IF Paul Molitor
58%
Blue Jays 2B Roberto Alomar
58%
Padres RP Trevor Hoffman
58%
Guardians/Indians SP Bob Feller
54%
Marlins OF Giancarlo Stanton
54%
Padres 3B Manny Machado
54%
Rockies CF Charlie Blackmon
50%
Giants SP Christy Mathewson
50%
Athletics Manager Connie Mack
50%
Rays SP David Price
50%
Blue Jays LF George Bell
50%
Tigers 1B Hank Greenberg
50%
Angels | Twins/Senators IF Rod Carew
50%
Nationals/Expos 1B Ryan Zimmerman
50%
Giants RF Mel Ott
46%
Brewers RP Rollie Fingers
46%
Cubs 3B Ron Santo
46%
Rays LF Carl Crawford
42%
Cardinals 2B Rogers Hornsby
42%
Phillies SP Robin Roberts
38%
Guardians/Indians CF Tris Speaker
38%
Padres RF Dave Winfield
35%
White Sox SS Luis Aparicio
35%
Marlins RF/3B Gary Sheffield
31%
Phillies SP Grover Cleveland Alexander
31%
White Sox SS Luke Appling
31%
Marlins LF Jeff Conine
27%
Guardians/Indians SS Lou Boudreau
27%
Pirates 2B Bill Mazeroski
23%
Cubs 1B Cap Anson
23%
Royals 2B Frank White
23%
Marlins 2B Luis Castillo
23%
Rays 2B Ben Zobrist
19%
No matching quizzes found
Score Distribution
Percent of People with Each Score
Percentile by Number Answered
Your Score History
You have not taken this quiz